Map projections : A reference manual (Record no. 42238)

MARC details
000 -LEADER
fixed length control field 00385nam a2200145Ia 4500
020 ## - INTERNATIONAL STANDARD BOOK NUMBER
ISBN 748403043
082 ## - DEWEY DECIMAL CLASSIFICATION NUMBER
Classification number 528.235
Item number BUG
100 ## - MAIN ENTRY--AUTHOR NAME
Personal name Bugayevsky, Lev M
245 #0 - TITLE STATEMENT
Title Map projections : A reference manual
260 ## - PUBLICATION, DISTRIBUTION, ETC. (IMPRINT)
Place of publication UK
Name of publisher Taylor & Francis
Year of publication 2002
650 ## - SUBJECT ADDED ENTRY--TOPICAL TERM
Topical Term Mathematical cartography
700 ## - ADDED ENTRY--PERSONAL NAME
Personal name Snyder, John P
942 ## - ADDED ENTRY ELEMENTS (KOHA)
Koha item type Books
Holdings
Withdrawn status Lost status Damaged status Not for loan Home library Current library Date acquired Cost, normal purchase price Full call number Accession Number Koha item type
        RRII Library RRII Library 16/12/2021 34.99 528.235 BUG 22514 Books